00289nam a2200133Ia 4500008004100000022001400041041000800055082001100063100001800074245002100092260001600113300001800129440000800147240112s2019 xx 000 0 und d a0023-852X aeng a617.51 aSTWART M. G.  aTHE LARYNGOSCOPE bWILEYc2019 a1487c4-6,SUP v129